000 00986nam a2200229Ia 4500
005 20241129105743.0
008 241129s9999||||xx |||||||||||||| ||und||
020 _a978-93-81907-77-1
037 _aTB
040 _aARTS
_bhin
_cARTS
041 _ahin
_2san
084 _aO15:gx1,1:g 152R1
_qARTS
100 _aअग्रवाल, मधु, ले.
245 0 _aभरत के नाट्यसिद्धान्त और प्रयोगविधान: हर्षवर्धन की नाट्यकृतियों से उद्धृत उद्धरणों सहित
_cअग्रवाल, मधु, ले.
260 _aनई दिल्ली, भारत
_bविश्वी पब्लिकेशन्स
_c2021
300 _a448पृ0
365 _aINR
_b1850
546 _aTranslated from Sanskrit to Hindi
650 _aSanskrit Literature
942 _cTB
_hO15:gx1,1:g 152R1
999 _c1225778
_d1225778